Indian Railway establishment code (Record no. 396782)

000 -LEADER
fixed length control field 00354cam a22001097a 4500
008 - FIXED-LENGTH DATA ELEMENTS--GENERAL INFORMATION
fixed length control field 180718b-- xxu||||| |||| 00| 0 eng d
082 ## - DEWEY DECIMAL CLASSIFICATION NUMBER
Classification number W1009x54 In2c/E
245 ## - TITLE STATEMENT
Title Indian Railway establishment code
Statement of responsibility, etc. by Ministry of Railways
260 ## - PUBLICATION, DISTRIBUTION, ETC.
Place of publication, distribution, etc. Delhi
Name of publisher, distributor, etc. Manager of Publications
Date of publication, distribution, etc. --
500 ## - GENERAL NOTE
General note Library has 1951(v.1,2),1958
700 ## - ADDED ENTRY--PERSONAL NAME
Personal name India. Ministry of Railways
Holdings
Withdrawn status Lost status Damaged status Not for loan Permanent Location Current Location Date acquired Full call number Barcode Date last seen Price effective from Koha item type
        Indian Institute of Public Administration Indian Institute of Public Administration 2004-08-05 W1x54 C/ES 20067 2018-07-21 2018-07-21 Book

Powered by Koha